25 most populated cities in La Rioja - Statistics

General Stats
  • This quiz has been taken 99 times
  • The average score is 11 of 25
Answer Stats
Pop. Municipality % Correct
153 k Logroño
100%
12.0 k Haro
86%
24.9 k Calahorra
84%
14.4 k Arnedo
72%
8.40 k Nájera
65%
6.74 k Santo Domingo de la Calzada
64%
9.81 k Alfaro
59%
8.12 k Lardero
55%
2.10 k Ezcaray
46%
3.29 k Albelda de Iregua
45%
6.72 k Villamediana de Iregua
45%
2.86 k Navarrete
36%
2.12 k Cenicero
35%
3.22 k Fuenmayor
33%
2.68 k Alberite
30%
4.39 k Autol
28%
1.73 k Baños de Río Tobía
25%
3.80 k Rincón de Soto
25%
1.83 k Murillo de Río Leza
23%
2.83 k Cervera del Río Alhama
20%
2.07 k Quel
20%
4.01 k Pradejón
19%
1.37 k Casalarreina
17%
1.49 k Entrena
14%
2.82 k Aldeanueva de Ebro
12%
No matching quizzes found
Score Distribution
Percent of People with Each Score
Percentile by Number Answered
Your Score History
You have not taken this quiz